书目信息 |
| 题名: |
考研英语(一)冲刺预测密卷6套题
|
|
| 作者: | 徐绽 主编 | |
| 分册: | ||
| 出版信息: | 北京 高等教育出版社 2015 |
|
| 页数: | 229页 | |
| 开本: | 26cm | |
| 丛书名: | ||
| 单 册: | ||
| 中图分类: | H310.421-44 | |
| 科图分类: | ||
| 主题词: | 英语--Ying Yu--硕士生入学考试--试题 | |
| 电子资源: | ||
| ISBN: | 978-7-04-043660-0 | |
| 000 | 00762nam0 22002291 450 | |
| 001 | 0121113059 | |
| 005 | 20161122102317.48 | |
| 010 | @a978-7-04-043660-0@dCNY29.00 | |
| 100 | @a20151102d2015 em y0chiy50 ea | |
| 101 | 0 | @achi@aeng |
| 102 | @aCN@b110000 | |
| 105 | @aa q 000yy | |
| 106 | @ar | |
| 200 | 1 | @a考研英语(一)冲刺预测密卷6套题@AKao Yan Ying Yu (Yi )Chong Ci Yu Ce Mi Juan 6Tao Ti@e高教版2016@f徐绽主编 |
| 210 | @a北京@c高等教育出版社@d2015 | |
| 215 | @a229页@c图@d26cm | |
| 330 | @a本书收录了6套考研英语(一)冲刺预测密卷,并附有参考答案及解析。 | |
| 606 | 0 | @a英语@AYing Yu@x硕士生入学考试@j试题 |
| 690 | @aH310.421-44@v5 | |
| 701 | 0 | @a徐绽@AXu Zhan@c(女)@4主编 |
| 801 | 0 | @aCN@bTANGWEI@c20161118 |
| 905 | @b0898441-5@dH310.421-44@e1617@f5 | |
| 考研英语(一)冲刺预测密卷6套题:高教版2016/徐绽主编 .-北京:高等教育出版社,2015 |
| 229页:图;26cm |
| ISBN 978-7-04-043660-0:CNY29.00 |
| 本书收录了6套考研英语(一)冲刺预测密卷,并附有参考答案及解析。 |
| ● |
| 相关链接 |
|
|
|
|
正题名:考研英语(一)冲刺预测密卷6套题
索取号:H310.421-44/1617
 
预约/预借
| 序号 | 登录号 | 条形码 | 馆藏地/架位号 | 状态 | 备注 |
| 1 | 0898441 | 208984410 | 第二样本阅览室/ [索取号:H310.421-44/1617] | 在馆 | |
| 2 | 0898442 | 208984429 | 第四借阅区/ [索取号:H310.421-44/1617] | 在馆 | |
| 3 | 0898443 | 208984438 | 第四借阅区/ [索取号:H310.421-44/1617] | 在馆 | |
| 4 | 0898444 | 208984447 | 第四借阅区/ [索取号:H310.421-44/1617] | 在馆 | |
| 5 | 0898445 | 208984456 | 第四借阅区/ [索取号:H310.421-44/1617] | 在馆 |